[Event "American Continental"]
[Site "Buenos Aires ARG"]
[Date "2005.08.16"]
[Round "11"]
[White "Cerda,G"]
[Black "Cuevas,A"]
[Result "1-0"]
[WhiteElo "2237"]
[BlackElo "2017"]
[EventDate "2005.08.06"]

1. e4 c5 2. Nf3 d6 3. d4 cxd4 4. Nxd4 Nf6 5. Nc3 e6 6. Bc4 a6 7. a4 Qc7 8.
Qe2 Nc6 9. Nxc6 bxc6 10. O-O Be7 11. Bf4 e5 12. Bg3 h5 13. Bh4 Nxe4 14.
Qxe4 f5 15. Qd3 Bxh4 16. Rad1 Be7 17. h4 Bd7 18. Qe3 Bf6 19. b4 Ke7 20. b5
axb5 21. axb5 Be6 22. Bxe6 Kxe6 23. bxc6 Qxc6 24. Nd5 Rhb8 25. Qf3 Qc5 26.
Qxh5 Rh8 27. Qf3 Bxh4 28. Qb3 Rab8 29. Nf4+ Kd7 30. Qe6+ Kc6 31. Nd3 Qc3
32. Qxf5 Bf6 33. Rb1 Kc7 34. Qe6 Rhe8 35. Qf7+ Re7 36. Qd5 Ree8 37. Rfd1
Qc6 38. Qf7+ Re7 39. Qa2 Kc8 40. Nb4 Qc5 41. Qg8+ Kb7 42. Nd3+ 1-0

[Event "American Continental"]
[Site "Buenos Aires ARG"]
[Date "2005.08.16"]
[Round "11"]
[White "Molina,Jo"]
[Black "Fedrizzi,A"]
[Result "1-0"]
[WhiteElo "2195"]
[BlackElo "2119"]
[EventDate "2005.08.06"]

1. d4 Nf6 2. c4 e6 3. Nc3 d5 4. cxd5 exd5 5. Bg5 Nbd7 6. e3 c6 7. Bd3 Be7
8. Qc2 O-O 9. Nf3 Re8 10. O-O h6 11. Bf4 Bf8 12. h3 a6 13. Rab1 c5 14. dxc5
Nxc5 15. Nd4 Nxd3 16. Qxd3 b5 17. Rbc1 g6 18. Rfd1 Bb7 19. Nce2 Ne4 20. Nc6
Qb6 21. Ne5 Bg7 22. Nd7 Qd8 23. Rc7 Bc6 24. Rxc6 Qxd7 25. Rc7 Qe6 26. Nd4
Qb6 27. Rdc1 Qf6 28. R1c2 Bf8 29. Nf3 Rad8 30. Nd4 Ng5 31. R2c6 Ne6 32. Qb1
Ra8 33. Qd1 h5 34. b3 b4 35. Rb7 Rec8 36. Rbb6 Bc5 37. Rxe6 fxe6 38. Rxe6
Qf7 39. Bg5 Re8 40. Rf6 Qh7 41. Nf5 Rad8 42. Nh6+ Kh8 43. Rf7 Be7 44. Qd4+
1-0

[Event "American Continental"]
[Site "Buenos Aires ARG"]
[Date "2005.08.16"]
[Round "11"]
[White "Herrera,Mart"]
[Black "Varela,D"]
[Result "1-0"]
[WhiteElo "2192"]
[BlackElo "2113"]
[EventDate "2005.08.06"]

1. e4 c5 2. Nf3 Nc6 3. d4 cxd4 4. Nxd4 e5 5. Nb5 a6 6. Nd6+ Bxd6 7. Qxd6
Qf6 8. Qd3 Nge7 9. Be3 d5 10. exd5 Nb4 11. Qd2 Nbxd5 12. Nc3 Nxe3 13. Qxe3
Bf5 14. Bc4 O-O 15. O-O Bxc2 16. Rac1 Bg6 17. Rfe1 Nc6 18. Qc5 Rad8 19. Nd5
Qg5 20. f4 Qh6 21. fxe5 Be4 22. Rcd1 Bxd5 23. Bxd5 Rb8 24. e6 Kh8 25. e7
Rfe8 26. Bxf7 Qf6 27. Bxe8 Rxe8 28. Rd6 Qxb2 29. Rxc6 bxc6 30. Rf1 g6 31.
Rf8+ Kg7 32. Rxe8 Qb1+ 33. Kf2 Qxa2+ 34. Kg3 Qb3+ 35. Kh4 Qa4+ 36. g4 Qf4
37. Rf8 1-0

[Event "American Continental"]
[Site "Buenos Aires ARG"]
[Date "2005.08.16"]
[Round "11"]
[White "Bermudes,E"]
[Black "Evans,P"]
[Result "1-0"]
[WhiteElo "2190"]
[BlackElo "2058"]
[EventDate "2005.08.06"]

1. g3 d5 2. Bg2 e5 3. d3 Nf6 4. Nf3 Bd6 5. O-O c6 6. c4 O-O 7. cxd5 Nxd5 8.
Nc3 Nf6 9. Bg5 h6 10. Bxf6 Qxf6 11. Ne4 Qe7 12. Nxd6 Qxd6 13. Qb3 Nd7 14.
Rfc1 Re8 15. Nd2 Nf6 16. Nc4 Qc7 17. Qb4 Bg4 18. Rc2 Rad8 19. a4 h5 20. Qc5
h4 21. Qxa7 hxg3 22. hxg3 e4 23. dxe4 Nxe4 24. Qb6 Qb8 25. Ne3 Bh5 26. Rd1
Rxd1+ 27. Nxd1 Qd6 28. Ne3 Bg6 29. Rc4 Qd2 30. Qb4 Qxb4 31. Rxb4 Nxg3 32.
fxg3 Rxe3 33. Rxb7 Re6 34. b4 Be4 35. Bxe4 Rxe4 36. Kf2 Rc4 37. a5 c5 38.
a6 1-0

[Event "American Continental"]
[Site "Buenos Aires ARG"]
[Date "2005.08.16"]
[Round "11"]
[White "Lo Presti,R"]
[Black "Tenti,J"]
[Result "0-1"]
[WhiteElo "2068"]
[BlackElo "2153"]
[EventDate "2005.08.06"]

1. e4 c5 2. Nf3 Nc6 3. d4 cxd4 4. Nxd4 g6 5. Nc3 Bg7 6. Be3 Nf6 7. Bc4 O-O
8. Bb3 a5 9. O-O d6 10. h3 Nxd4 11. Bxd4 Bd7 12. a4 Bc6 13. Re1 Nd7 14.
Bxg7 Kxg7 15. Qd4+ Kg8 16. Rad1 Qb6 17. Qd2 Nc5 18. Nd5 Bxd5 19. exd5 Rfe8
20. Qd4 Qb4 21. Qxb4 axb4 22. Rd4 Nxa4 23. Bxa4 Rxa4 24. b3 Ra2 25. Re2 Kf8
26. Rxb4 Rc8 27. Rxb7 Rcxc2 28. Rxc2 Rxc2 29. b4 Rd2 30. Rb5 Rd4 31. Kf1
Re4 32. f3 Re5 33. Kf2 Kg7 34. f4 Rf5 35. Ke3 g5 36. fxg5 Rxg5 37. g4 Kf6
38. Kf4 h5 39. gxh5 Rxh5 40. Kg4 Re5 41. h4 Kg6 42. Rb8 Rxd5 43. h5+ Kh6
44. b5 Rd4+ 45. Kf5 Kg7 46. Kg5 f6+ 47. Kf5 Kf7 48. Rb7 Rh4 49. b6 Rxh5+
50. Ke4 Ke6 51. Kd4 Rb5 52. Kc4 Rb1 53. Kd4 f5 54. Rb8 Re1 55. Re8 Rb1 56.
Rb8 Rd1+ 57. Ke3 Kd7 58. Rb7+ Kc6 59. Rxe7 Re1+ 0-1

[Event "American Continental"]
[Site "Buenos Aires ARG"]
[Date "2005.08.16"]
[Round "11"]
[White "Alaluf,A"]
[Black "Lucena,L"]
[Result "0-1"]
[WhiteElo "2091"]
[BlackElo "2184"]
[EventDate "2005.08.06"]

1. d4 Nf6 2. c4 c5 3. Nf3 e6 4. Nc3 cxd4 5. Nxd4 Bb4 6. Qb3 Bc5 7. e3 O-O
8. Qc2 d5 9. Nb3 Bb6 10. Bd2 Nc6 11. a3 dxc4 12. Bxc4 Ne5 13. Be2 Bd7 14.
Nd4 Rc8 15. Rd1 Qc7 16. Qb1 a6 17. Nf3 Bc6 18. Nxe5 Qxe5 19. f4 Qb8 20. O-O
Qa7 21. Kh1 Rfd8 22. e4 h5 23. h3 Be3 24. Bxe3 Qxe3 25. Rf3 Qb6 26. Rff1
Rxd1 27. Bxd1 Rd8 28. e5 Rd2 29. Bf3 Bxf3 30. Rxf3 Rxb2 31. Qd1 Ne4 32. Kh2
Nxc3 33. Rxc3 g6 34. Rc8+ Kg7 35. Rc2 Qb3 36. Rd2 Qxd1 37. Rxd1 Ra2 38. Rd3
h4 39. Rb3 b5 40. Kg1 Kh6 41. g4 hxg3 42. Rxg3 Kh5 43. Rf3 Kh4 44. Kh1 Rb2
45. Kg1 a5 46. Rc3 b4 0-1

[Event "American Continental"]
[Site "Buenos Aires ARG"]
[Date "2005.08.16"]
[Round "11"]
[White "Idiarte Borda,J"]
[Black "Leeuw,P"]
[Result "1-0"]
[WhiteElo "2157"]
[BlackElo "2088"]
[EventDate "2005.08.06"]

1. Nf3 d5 2. b3 Nf6 3. Bb2 e6 4. e3 Bd6 5. g3 b6 6. Bg2 Bb7 7. O-O c5 8. d4
O-O 9. Nbd2 Nc6 10. Rc1 Rc8 11. a3 Ba6 12. Re1 Re8 13. Ne5 Nd7 14. Nxc6
Rxc6 15. c4 Nf6 16. dxc5 Rxc5 17. b4 Rc7 18. Bxf6 Qxf6 19. Qa4 1-0

[Event "American Continental"]
[Site "Buenos Aires ARG"]
[Date "2005.08.16"]
[Round "11"]
[White "Borda,A"]
[Black "Perez Wertheim,R"]
[Result "0-1"]
[WhiteElo "2131"]
[BlackElo "1999"]
[EventDate "2005.08.06"]

1. e4 e5 2. Nf3 Nc6 3. Bc4 Nf6 4. d4 exd4 5. O-O Bc5 6. e5 d5 7. exf6 dxc4
8. fxg7 Rg8 9. Re1+ Be6 10. Ng5 Qd5 11. Rxe6+ fxe6 12. Qh5+ Kd7 13. Qf7+
Be7 14. Nxh7 Qe5 15. g3 Rxg7 16. Qf3 Rxh7 17. Bf4 Qe1+ 18. Kg2 Rxh2+ 0-1

[Event "American Continental"]
[Site "Buenos Aires ARG"]
[Date "2005.08.16"]
[Round "11"]
[White "Echeguren,G"]
[Black "Lida Garcia,F"]
[Result "1/2-1/2"]
[WhiteElo "2094"]
[BlackElo "2066"]
[EventDate "2005.08.06"]

1. e4 d5 2. exd5 Nf6 3. d4 Nxd5 4. c4 Nb6 5. Nc3 g6 6. Nf3 Bg7 7. Be3 O-O
8. h3 Nc6 9. Qd2 e5 10. dxe5 Qxd2+ 11. Bxd2 Nxe5 12. Nxe5 Bxe5 13. O-O-O
Be6 14. b3 c6 15. Ne4 Rfd8 16. f4 Bd4 17. Be2 f6 18. g4 Kg7 19. Bc3 1/2-1/2

[Event "American Continental"]
[Site "Buenos Aires ARG"]
[Date "2005.08.16"]
[Round "11"]
[White "Barros,R"]
[Black "Benko,F"]
[Result "1/2-1/2"]
[WhiteElo "2080"]
[BlackElo "2090"]
[EventDate "2005.08.06"]

1. d4 f5 2. c4 e6 3. Nf3 Nf6 4. Nc3 Bb4 5. Qc2 c6 6. Bd2 d5 7. e3 O-O 8.
Be2 a5 9. O-O Qe8 10. Ne5 Nbd7 11. cxd5 exd5 12. f4 Bxc3 1/2-1/2